| 000 | 01240nam a2200337 a 4500 | ||
|---|---|---|---|
| 001 | 000112112 | ||
| 003 | CHAP | ||
| 005 | 20220329144246.0 | ||
| 008 | 151204s2015 mx a fsm |||||||spa d | ||
| 010 | _a108573 | ||
| 011 | _a109545 | ||
| 040 | _cCHAP | ||
| 090 | _aTesis | ||
| 100 | 1 |
_aAnchondo Ortega, Andrés _9130244 |
|
| 245 | 1 | 0 |
_aTecnología agroforestales para la conservación del hábitat de codorniz moctezuma en la UMA ejido El Rosario, Tlaxcala _h[En línea] _cpor Andrés Anchondo Ortega. |
| 260 |
_aChapingo, Méx. : _bEl autor, _c2015. |
||
| 500 | _aPara ver el contenido del material haga clic en la liga | ||
| 502 | _aTesis (M.C. en Agroforestería para el Desarrollo Sostenible) -- UACH. Departamento de Suelos | ||
| 590 |
_aBATCH _b00 _c20181121 _lUCH01 _h0758 |
||
| 590 |
_aE5995AHE _b05 _c20151204 _lUCH01 _h0908 |
||
| 590 |
_aE5995AHE _b05 _c20151204 _lUCH01 _h0912 |
||
| 590 |
_aE5995AHE _b05 _c20151204 _lUCH01 _h0946 |
||
| 650 | 1 | 4 |
_aCercos vivos. _921351 |
| 650 | 1 | 4 |
_aCodorniz. _924300 |
| 650 | 1 | 4 |
_aDesarrollo de la comunidad rural _xTlaxcala. _932029 |
| 856 |
_a1 _n0000352 |
||
| 856 |
_aFinding aid _uhttp://10.13.5.2/tesis/sist112112.pdf _zTeclea aquí |
||
| 901 | _aBK | ||
| 942 | _cTESIS | ||
| 942 | _n0 | ||
| 999 |
_c108573 _d108573 |
||